000 00511nam a2200181 a 4500
005 20140310183335.0
008 060908s19uu xx 00 eng d
020 _a1578516153
050 _aHD 58.82
_b.H37 2001
245 _aHarvard business review on organizational learning /
260 _aU.S.A :
_bHarvard Business Review,
_c2001.
300 _a201 p. :
_c20 cm.
521 _aBSBA
650 _aOrganizational learning.
650 _aKnowledge management.
942 _cBK
_2lcc
_kFOR
999 _c21667
_d21667